000 00794nam a2200229Ia 4500
003 OSt
005 20220926021848.0
006 a|||||r|||| 00| 0
007 ta
008 220923b |||||||| |||| 00| 0 eng d
037 _cGeneral Book
040 _aRTL
_cRTL
_beng
041 _2eng
_aeng
082 _aV1N45,936:8.N77, L7,3A UN
110 _aUNITED NATIONS, ECONOMIC AND SOCIAL COUNCIL
245 0 _aUnited nations development programme
_b report of the governing council, twenty first session (31 june -1 july 1977)
260 _aNew York
_bUnited Nations
_c1977
500 _aOfficial records: sixty third
700 _aUNITED NATIONS, ECONOMIC AND SOCIAL COUNCIL
942 _hV1N45,936:8.N77, L7,3A UN
_cGB
_2CC
999 _c637858
_d637858